|
|
|
|
| LEADER |
00882nam a2200265 4500 |
| 001 |
DLU180186885 |
| 005 |
##20180907 |
| 040 |
# |
# |
|a DLU
|b vie
|
| 041 |
# |
# |
|a vie
|
| 044 |
# |
# |
|a vn
|
| 100 |
# |
# |
|a Bùi Vĩnh Trường Giang.
|
| 245 |
# |
# |
|a Tổ chức hoạt động dạy - Học môn Địa lý theo mô hình trường học mới ở trường Trung học cơ sở /
|c Bùi Vĩnh Trường Giang.
|
| 653 |
# |
# |
|a Mô hình trường học mới
|
| 653 |
# |
# |
|a Hoạt động dạy học
|
| 653 |
# |
# |
|a Môn Địa lý
|
| 773 |
# |
# |
|t Tạp chí dạy và học ngày nay
|g Số 2, 2016, tr. 26-27
|
| 920 |
# |
# |
|a Phòng Tạp chí -- Trung tâm Thông tin - Thư viện Trường Đại học Đà Lạt
|
| 994 |
# |
# |
|a DLU
|
| 900 |
# |
# |
|a True
|
| 911 |
# |
# |
|a Trần Thị Minh Hương
|
| 925 |
# |
# |
|a G
|
| 926 |
# |
# |
|a A
|
| 927 |
# |
# |
|a BB
|
| 980 |
# |
# |
|a Thư viện Trường Đại học Đà Lạt
|